Sous préfectures avec un nom composé - Statistiques

Statistiques générales
  • Ce quiz a été pris 36 fois
  • Le résultat moyen est 37 sur 71
Statistiques - réponses
Départements Sous-Préfectures % Correct
Ille-et-Vilaine (35) Saint-Malo
81%
Saint-Pierre
81%
Saint-Pierre
81%
Saint-Quentin
81%
Bouches-du-Rhône (13) Aix-en-Provence
77%
Saint-Paul
77%
Aube (10) Bar-sur-Aube
73%
Pas-de-Calais (62) Boulogne-sur-Mer
73%
Saint-Denis
73%
Saône-et-Loire (71) Chalon-sur-Saône
65%
Nogent-sur-Seine
65%
Loire-Atlantique (44) Saint-Nazaire
65%
Aveyron (12) Villefranche-de-Rouergue
65%
Rhône (69) Villefranche-sur-Saône
65%
Vendée (85) Fontenay-le-Comte
62%
Sarthe (72) La Flèche
62%
Seine-Maritime (76) Le Havre
62%
Eure-et-Loir (28) Nogent-le-Rotrou
62%
La Réunion (974) Saint-Benoît
62%
Saint-Laurent-du-Maroni
62%
Corrèze (19) Brive-la-Gaillarde
58%
Nièvre (58) Château-Chinon
58%
Aisne (02) Château-Thierry
58%
Le Blanc
58%
Pyrénées-Atlantiques (64) Oloron-Sainte-Marie
58%
Charente-Maritime (17) Saint-Jean-d'Angély
58%
Bagnères-de-Bigorre
54%
Hauts-de-Seine (92) Boulogne-Billancourt
54%
Manche (50) Cherbourg-en-Cotentin
54%
Les Sables-d'Olonne
54%
Val-de-Marne (94) L'Haÿ-les-Roses
54%
Saint-Germain-en-Laye
54%
Thonon-les-Bains
54%
Cosne-Cours-sur-Loire
50%
Isère (38) La Tour-du-Pin
50%
Nogent-sur-Marne
50%
Loir-et-Cher (41) Romorantin-Lanthenay
50%
Jura (39) Saint-Claude
50%
Haute-Garonne (31) Saint-Gaudens
50%
Saint-Omer
50%
Ardèche (07) Tournon-sur-Rhône
50%
Lot-et-Garonne (47) Villeneuve-sur-Lot
50%
Hautes-Pyrénées (65) Argelès-Gazost
46%
Eure (27) Les Andelys
46%
Yvelines (78)
Mantes-la-Jolie
46%
Montreuil-sur-Mer
46%
Guadeloupe (971) Pointe-à-Pitre
46%
Vosges (88) Saint-Dié-des-Vosges
46%
Haute-Marne (52) Saint-Dizier
46%
Cantal (15) Saint-Flour
46%
Marne (51) Vitry-le-François
46%
Mayenne (53) Château-Gontier-sur-Mayenne
42%
Indre (36) La Châtre
42%
Orne (61) Mortagne-au-Perche
42%
Savoie (73) Saint-Jean-de-Maurienne
42%
Seine-Saint-Denis (93) Le Raincy
38%
Gironde (33) Lesparre-Médoc
38%
Cher (18) Saint-Amand-Montrond
38%
Guyane (973) Saint-Georges
38%
Ariège (09) Saint-Girons
38%
Haute-Savoie (74) Saint-Julien-en-Genevois
38%
Maine-et-Loire (49) Segré-en-Anjou Bleu
38%
Lozère (48) Florac Trois Rivières
35%
Martinique (972) La Trinité
35%
Le Marin
35%
Gard (30) Le Vigan
35%
Dordogne (24) Sarlat-la-Canéda
35%
Meurthe-et-Moselle (54) Val de Briey
35%
Calvados (14) Vire Normandie
35%
Nord (59) Avesnes-sur-Helpe
27%
Louhans-Châteaurenaud
8%
Aucun quiz correspondant
Distribution des résultats
% des personnes avec chaque résultat
Percentile par nombre de réponses
Votre historique - résultats
Vous n’avez pas pris ce quiz